|
|
|
|
| LEADER |
00000nam a22000007a 4500 |
| 005 |
20160622133434.0 |
| 007 |
cr|||| ||u| |
| 008 |
160622s2016 sp ||||| |||| 00||0 spa d |
| 020 |
|
|
|a 978-84-9085-679-6
|
| 035 |
|
|
|a 14331
|
| 040 |
|
|
|a vLex
|
| 090 |
|
|
|c 6208
|d 6208
|
| 100 |
1 |
|
|a Buenaga Ceballos, Óscar
|
| 245 |
1 |
0 |
|a Metodologa̕ del Razonamiento Jurd̕ico-Prc̀tico. Elementos para una teora̕ objetiva de la argumentacin̤ jurd̕ica
|h [Recurso electronico] /
|c Óscar Buenaga Ceballos
|
| 256 |
|
|
|a Servicio en linea
|
| 260 |
|
|
|a Madrid
|b Dykinson
|c 2016
|
| 300 |
|
|
|a 1 recurso electronico
|
| 506 |
1 |
|
|a Contenido solo dispole en los productos indicados
|d vLex Global
|d vLex Global (Academic Edition, excluding Law Schools)
|d vLex Global (U.S. Academic Edition, Law Schools)
|d vLex Global (U.S. Academic Edition, excluding Law Schools)
|d vLex Global (Academic Edition, Law Schools)
|
| 650 |
0 |
4 |
|a Derecho
|z Madrid
|
| 740 |
0 |
|
|a vLex libros (servicio en linea)
|
| 856 |
4 |
0 |
|u http://vlex.com/source/metodologia-razonamiento-juridico-practico-14331
|z Acceso restringido
|
| 942 |
|
|
|c BOOK
|
| 999 |
0 |
|
|a Law
|b Spain
|